Normal view MARC view
  • Strathern, Paul,

Entry Nombre Personal

Number of records used in: 11

001 - NUMERO DE CONTROL

  • campo de control: 32449

003 - IDENTIFICADOR DE NUMERO DE CONTROL

  • campo de control: DLC

005 - FECHA Y HORA DE LA ÜLTIMA TRANSACCIÓN

  • campo de control: 20220428111616.0

008 - DATOS DE LONGITUD FIJA

  • campo de control de longitud fija: 220428n| azannaabn |n aaa

010 ## - NÚMERO DE CONTROL DE LA BIBLIOTECA DEL CONGRESO

  • Número de control LC: n 93016171

035 ## - NUMERO DE CONTROL

  • Número de control: (OCoLC)oca03321398

040 ## - FUENTE DE CATALOGACIÓN

  • Agencia original de catalogación: DLC
  • Lenguaje de catalogación: spa
  • Description conventions: rda
  • Agencia de transcripción: DLC
  • Agencia que lo modifica: DNLM
  • Agencia que lo modifica: MX-MxUPN

046 ## - FECHAS CON CODIFICACIÓN ESPECIAL

  • Fecha de nacimiento: 1940
  • Fuente del formato de fecha: edtf

053 #0 - NÚMERO DE CLASIFICACIÓN LC

  • Número de clasificación elemento-número único o número inicial de tramo: PR6069.T685

100 1# - ENCABEZAMIENTO - NOMBRE PERSONAL

  • Nombre personal: Strathern, Paul,
  • Fechas asociadas con el nombre: 1940-

670 ## - FUENTE EN LA QUE SE LOCALIZARON DATOS

  • Cita de la fuente: En su obra: Exploration by land, 1994:
  • Información localizada: CIP portada (Paul Strathern)

670 ## - FUENTE EN LA QUE SE LOCALIZARON DATOS

  • Cita de la fuente: LC data base, 02-22-93
  • Información localizada: (hdg.: Strathern, Paul, 1940-)

902 ## - CATALOGADOR

  • Catalogador: NDAF/220428